000 00698nam a2200205Ia 4500
003 GCL
008 140319s9999 xx 000 0 ara d
040 _aGCL /
_cGCL
082 0 4 _a927
_bج ح
100 1 _aجلال الشرقاوى
245 1 0 _aحياتى فى المسرح : جلال الشرقاوى (الكتاب الاول - الجزء الاول) : رحلة الحياة /
_cجلال الشرقاوى
300 _a847 ص
490 _aالهيئة العامة للاستعلامات
_v0
650 0 4 _aالمسرح
650 0 4 _aالتراجم
650 0 4 _aالفنانون
650 0 4 _aالفنانون المصريون
650 0 4 _aجلال الشرقاوى
942 _2ddc
_cBK
999 _c49027
_d49027